000 00784nam a22002531 4500
001 130111
003 ES-MaACL
005 20240227165502.0
007 t|
008 070718q1915 sp ||||0| spa d
016 7 _zIND9900848137
040 _aM-BN
_bspa
_cCDM
100 1 _aSola, Alfonso de.
_9107040
245 1 3 _aUn estadista argentino, (Nicolás Avellaneda) /
_cprólogo de E. Gómez Carrillo.
260 _aMadrid :
_bSuc. de Rivadeneyra,
_c[1915?]
300 _aXVI, 335 p., 1 h. de lám ;
_c18 cm.
490 1 _aColección Mercurio
500 _aRetrato de Avellaneda.
700 1 _aGómez Carrillo, Enrique,
_d1873-1927
_957861
830 0 _aColección Mercurio
_9186800
852 _aES-MaACL
_jG-1321
852 _aES-MaACL
_jD-5183
999 _c130111
_d130111